Aranyhomok, sovány szőlő

Elmentve itt :
Bibliográfiai részletek
Szerző: Horváth Dezső
Dokumentumtípus: Cikk
Megjelent: 1970-12-13
Sorozat:Délmagyarország 60 No. 292
Kulcsszavak:Magyar irodalom tárca, Szőlőművelés története, gyümölcstermesztés
Online Access:http://dmarchiv.bibl.u-szeged.hu/68152
LEADER 00510nab a2200157 i 4500
001 delm68152
005 20180927153641.0
008 180927s1970 hu o 0|| hun d
040 |a SZTE Délmagyarország Archívum  |b hun 
041 |a hun 
100 1 |a Horváth Dezső 
245 1 0 |a Aranyhomok, sovány szőlő  |h [elektronikus dokumentum] /  |c  Horváth Dezső 
260 |c 1970-12-13 
300 |a 8 
490 0 |a Délmagyarország  |v 60 No. 292 
695 |a Magyar irodalom tárca, Szőlőművelés története, gyümölcstermesztés